Landscape studies : an introduction to geomorphology. /
Guardado en:
| Autor Principal: | |
|---|---|
| Formato: | Libro |
| Idioma: | English |
| Publicado: |
London :
E. Arnold,
1981.
|
| Edición: | 2. ed. |
| Etiquetas: |
Agregar Etiqueta
Sin Etiquetas, Sea el primero en etiquetar este registro!
|
| LEADER | 00504nam a22001695a 4500 | ||
|---|---|---|---|
| 001 | EUN.um020921 | ||
| 003 | AR-BaUNS | ||
| 005 | 20050623122900.0 | ||
| 008 | 041125s1981####xxka##########000#0#eng#d | ||
| 245 | 1 | 0 | |a Landscape studies : |b an introduction to geomorphology. / |c K. E. Sawyer. |
| 260 | |a London : |b E. Arnold, |c 1981. | ||
| 300 | |a 148 p. : |b ilus. ; |c 27 cm. | ||
| 020 | |a 0713119454 | ||
| 100 | 1 | |a Sawyer, K. E. | |
| 082 | 0 | 4 | |a 551.4 |
| 250 | |a 2. ed. | ||
| 859 | |a Ar-BaUNS |b BIB. CENTRAL - Sector C |h 551.4 |i Sa88 |p 94111/987 | ||
